| 000 | 00907cab a2200277 4500 | ||
|---|---|---|---|
| 001 | ABS47299 | ||
| 008 | 090401t1992 xxu||||| |||| 00| 0 eng d | ||
| 035 | _a(Sirsi) u61494 | ||
| 041 | _aeng | ||
| 100 | _aPrice, J.G. | ||
| 245 | _aDecollectivisation in Bulgaria - land surveying contributions | ||
| 260 | _c1992 | ||
| 350 | _a0 | ||
| 490 |
_aSurveying Technician _v29(1) October/November 1992, 9(1) |
||
| 520 | _aDiscusses the role land surveying is playing in the reform of collective farming in Bulgaria, which requires a cadastral survey input to reallocate agricultural land to the original owners or their heirs. | ||
| 650 | _aBULGARIA | ||
| 650 | _aCADASTRAL SURVEYS | ||
| 650 | _aCOLLECTIVE FARMING | ||
| 650 | _aEASTERN EUROPE | ||
| 650 | _aOWNERSHIP | ||
| 650 | _aPRIVATISATION | ||
| 690 | _aLAND SURVEYING | ||
| 690 | _aOVERSEAS-EUROPE | ||
| 942 | _n0 | ||
| 948 | _c04/03/1997 | ||
| 999 |
_c38110 _d38110 |
||